Capoluoghi di Provincia contenenti la lettera U - Statistics

Statistiche generali
  • Questo quiz è stato fatto 101 volte
  • Il punteggio medio è 7 su 10
Statistiche sulle risposte
Lunghezza in lettere Capoluogo % Corretto
5 Udine
93%
5 Cuneo
84%
7 Belluno
79%
5 Nuoro
79%
6 Urbino
77%
5 Lucca
75%
7 Perugia
73%
6 Ragusa
64%
8 Siracusa
64%
7 L'Aquila
59%
Nessun quiz corrispondente trovato
Distribuzione punteggi
Percentuale di utenti per punteggio
Percentile per numero di risposta
I tuoi punteggi nel tempo
Non hai fatto questo quiz